| 000 | 00436nam a2200181Ia 4500 | ||
|---|---|---|---|
| 008 | 210210b1959 xxu||||| |||| 00| 0 eng d | ||
| 041 | _aeng | ||
| 082 | _a824/115 | ||
| 100 | _aGARETT (John) Ed | ||
| 245 | _aMore talking of Shakespeare | ||
| 260 |
_aLondon _bLongmans Green & Co. Ltd., _c1959 |
||
| 650 | _atalking | ||
| 650 | _aShakespeare | ||
| 650 | _aof | ||
| 650 | _aMore | ||
| 690 | _aEnglish Criticism | ||
| 906 | _a014069 | ||
| 999 |
_c133155 _d133155 |
||